[Event "ROM-ch U14"]
[Site "Calimanesti Caciulata"]
[Date "2019.04.20"]
[Round "7"]
[White "Serban, Cristian Stefan"]
[Black "Pirvu, Christian"]
[Result "1-0"]
[WhiteElo "2026"]
[BlackElo "1716"]
[PlyCount "59"]
[EventDate "2019.04.15"]
[EventType "swiss"]
[EventRounds "9"]
[EventCountry "ROU"]
[SourceTitle "CBM 190 Extra"]
[Source "ChessBase"]
[SourceDate "2019.07.15"]
[SourceVersion "1"]
[SourceVersionDate "2019.07.15"]
[SourceQuality "1"]

1. e4 c5 2. Nc3 d6 3. g3 b6 4. Bg2 Bb7 5. Nge2 Nc6 6. d4 cxd4 7. Nxd4 Qd7 8. 0-0 e6 9. Re1 Be7 10. Nxc6 Bxc6 11. Qg4 g6 12. Bg5 0-0-0 13. Bxe7 Nxe7 14. Red1 Qc7 15. a4 a6 16. Nd5 Qb7 17. Nxe7+ Qxe7 18. Qe2 Qb7 19. b4 b5 20. c4 Kd7 21. axb5 axb5 22. c5 Ke7 23. cxd6+ Rxd6 24. Rxd6 Kxd6 25. e5+ Ke7 26. Qe3 Ke8 27. Ra7 Qc8 28. Qc5 Bd7 29. Ra8 Qxa8 30. Bxa8 1-0

[Event "ROM-ch U14"]
[Site "Calimanesti Caciulata"]
[Date "2019.04.16"]
[Round "2"]
[White "Pirvu, Christian"]
[Black "Creanga, Robert Ionut"]
[Result "1/2-1/2"]
[WhiteElo "1716"]
[BlackElo "2120"]
[PlyCount "89"]
[EventDate "2019.04.15"]
[EventType "swiss"]
[EventRounds "9"]
[EventCountry "ROU"]
[SourceTitle "CBM 190 Extra"]
[Source "ChessBase"]
[SourceDate "2019.07.15"]
[SourceVersion "1"]
[SourceVersionDate "2019.07.15"]
[SourceQuality "1"]

1. e4 d6 2. Nf3 Nf6 3. Nc3 g6 4. d4 Bg7 5. Bc4 0-0 6. 0-0 Nxe4 7. Bxf7+ Rxf7 8. Nxe4 h6 9. h3 e6 10. Be3 b6 11. c3 Bb7 12. Ned2 Nd7 13. Qc2 Kh7 14. Rfe1 Qe7 15. Rac1 Rff8 16. Qd3 Nf6 17. Bf4 Nh5 18. Bh2 Rae8 19. Re3 Nf4 20. Qc2 Nd5 21. Ree1 Rf7 22. Bg3 Qd7 23. Rcd1 Ne7 24. Nh4 Nf5 25. Nxf5 Rxf5 26. Ne4 Ref8 27. Re2 Qf7 28. b3 Ba6 29. c4 d5 30. Nd2 Bxd4 31. Nf3 Bg7 32. Nd4 Bxd4 33. Rxd4 c5 34. Rd1 d4 35. Rde1 Re8 36. Qd3 Bb7 37. Kh2 e5 38. Rxe5 Rfxe5 39. Rxe5 Rxe5 40. Bxe5 Qxf2 41. Qg3 Qf7 42. Bb8 Be4 43. Qe5 Qb7 44. Bc7 Bc6 45. Qe7+ 1/2-1/2

[Event "ROM-ch U12"]
[Site "Calimanesti"]
[Date "2018.03.29"]
[Round "3"]
[White "Pirvu, Christian"]
[Black "Maresanu, Mina Andrei"]
[Result "1-0"]
[WhiteElo "1630"]
[BlackElo "1376"]
[PlyCount "89"]
[EventDate "2018.03.27"]
[EventType "swiss"]
[EventRounds "9"]
[EventCountry "ROU"]
[SourceTitle "CBM 183 Extra"]
[Source "ChessBase"]
[SourceDate "2018.04.19"]
[SourceVersion "1"]
[SourceVersionDate "2018.04.19"]
[SourceQuality "1"]

1. e4 e5 2. Nf3 Nf6 3. Nxe5 d6 4. Nf3 Nxe4 5. Bc4 Be7 6. 0-0 0-0 7. d3 Nf6 8. c3 c6 9. Re1 Bg4 10. h3 Bxf3 11. Qxf3 Nbd7 12. d4 d5 13. Bd3 Bd6 14. Bf4 Bxf4 15. Qxf4 Qb6 16. b3 c5 17. Nd2 Qa5 18. Re3 Kh8 19. Bf5 Rad8 20. Nf3 g6 21. Bxd7 Nxd7 22. Qh6 Rg8 23. Ng5 Rg7 24. Rae1 Nf6 25. Qh4 Rf8 26. R1e2 Qa6 27. Re7 Ng8 28. Re8 Rxe8 29. Rxe8 Qxa2 30. Qf4 Qb1+ 31. Kh2 Qf5 32. Qxf5 gxf5 33. Nf3 c4 34. bxc4 dxc4 35. Ne5 f6 36. Nxc4 Rc7 37. Nd6 Rxc3 38. Nxb7 Kg7 39. Nd6 Nh6 40. Re7+ Kg6 41. Rxa7 Rd3 42. Ne8 Rxd4 43. Rg7+ Kh5 44. Nxf6+ Kh4 45. g3# 1-0

[Event "ROM-ch U12"]
[Site "Baile Felix"]
[Date "2017.02.07"]
[Round "7"]
[White "Antal, Hunor Zoltan"]
[Black "Pirvu, Christian"]
[Result "1/2-1/2"]
[WhiteElo "1735"]
[BlackElo "1507"]
[PlyCount "55"]
[EventDate "2017.02.02"]
[EventType "swiss"]
[EventRounds "9"]
[EventCountry "ROU"]
[SourceTitle "CBM 176 Extra"]
[Source "ChessBase"]
[SourceDate "2017.03.02"]
[SourceVersion "1"]
[SourceVersionDate "2017.03.02"]
[SourceQuality "1"]

1. d4 d5 2. c4 c6 3. Nc3 Nf6 4. e3 e6 5. Nf3 Be7 6. Bd3 dxc4 7. Bxc4 b5 8. Bd3 a6 9. 0-0 0-0 10. e4 Bb7 11. e5 Nfd7 12. Qc2 h6 13. Ne4 c5 14. dxc5 Nxc5 15. Nxc5 Bxc5 16. Rd1 Qe7 17. Be4 Bxe4 18. Qxe4 Nd7 19. Bf4 Nb6 20. Bg3 Qa7 21. Bh4 Be7 22. Nd4 Bxh4 23. Qxh4 Rac8 24. b3 Nd5 25. Ne2 Qe7 26. Qe4 Rfe8 27. Rac1 Qb4 28. Ng3 1/2-1/2

[Event "ROM-ch U10"]
[Site "Calimanesti Caciulata"]
[Date "2016.04.25"]
[Round "9"]
[White "Mihalcescu, Alexandru"]
[Black "Pirvu, Christian"]
[Result "0-1"]
[WhiteElo "1418"]
[BlackElo "1343"]
[PlyCount "72"]
[EventDate "2016.04.18"]
[EventType "swiss"]
[EventRounds "9"]
[EventCountry "ROU"]
[SourceTitle "EXT 2017"]
[Source "ChessBase"]
[SourceDate "2016.10.25"]
[SourceVersion "1"]
[SourceVersionDate "2016.10.25"]
[SourceQuality "1"]

1. e4 c5 2. Be2 d6 3. f4 Nc6 4. Nf3 Bd7 5. c3 Nf6 6. d3 e6 7. Na3 Be7 8. Be3 0-0 9. 0-0 a6 10. Nc2 b5 11. Qe1 Qc7 12. Qg3 Rab8 13. b3 a5 14. e5 Nd5 15. Bd2 Rb7 16. c4 bxc4 17. dxc4 Ndb4 18. Bc3 f6 19. Nxb4 axb4 20. Bb2 Ra7 21. Bd3 Nd8 22. Qh4 h6 23. Qg3 Be8 24. Nd2 dxe5 25. fxe5 f5 26. a3 bxa3 27. Rxa3 Rxa3 28. Bxa3 Qa5 29. Nb1 Nc6 30. Qe1 Qxe1 31. Rxe1 Nd4 32. Nd2 Bc6 33. Bb2 Rd8 34. Bb1 Bg5 35. Rd1 Nxb3 36. Bc2 Nxd2 0-1

[Event "ROM-ch U10"]
[Site "Calimanesti"]
[Date "2015.04.05"]
[Round "8"]
[White "Pirvu, Christian"]
[Black "Oprea, Rares Andrei"]
[Result "0-1"]
[WhiteElo "1252"]
[BlackElo "1600"]
[PlyCount "84"]
[EventDate "2015.03.30"]
[EventType "swiss"]
[EventRounds "9"]
[EventCountry "ROU"]
[SourceTitle "CBM 165 Extra"]
[Source "ChessBase"]
[SourceDate "2015.04.21"]
[SourceVersion "1"]
[SourceVersionDate "2015.04.21"]
[SourceQuality "1"]

1. e4 c5 2. Nf3 Nc6 3. d4 cxd4 4. Nxd4 g6 5. Be3 Nf6 6. Nc3 Bg7 7. Qd2 Ng4 8. Nxc6 bxc6 9. f3 Nxe3 10. Qxe3 0-0 11. 0-0-0 Qa5 12. a3 Rb8 13. g4 Qc7 14. Bc4 Be5 15. Qe2 Bxc3 16. bxc3 Qa5 17. Kd2 d5 18. exd5 cxd5 19. Bb3 d4 20. Qxe7 Qxc3+ 21. Ke2 Bb7 22. Qd6 Bxf3+ 23. Kf2 Qe3+ 24. Kg3 Bxd1+ 25. Kh4 Qf3 26. Rg1 Qf2+ 27. Qg3 Qxg3+ 28. Rxg3 Rfd8 29. Rg1 Be2 30. Re1 d3 31. cxd3 Rxb3 32. Rxe2 Rdxd3 33. Kg5 Rxa3 34. h4 Kg7 35. Re7 Ra4 36. h5 Rdd4 37. h6+ Kf8 38. Rc7 Rxg4+ 39. Kf6 Ra6+ 40. Ke5 Rg5+ 41. Kd4 Ra4+ 42. Rc4 Rg4+ 0-1

[Event "ROM-ch U10"]
[Site "Calimanesti"]
[Date "2015.04.04"]
[Round "7"]
[White "Tampea, Radu"]
[Black "Pirvu, Christian"]
[Result "1-0"]
[WhiteElo "1533"]
[BlackElo "1252"]
[PlyCount "95"]
[EventDate "2015.03.30"]
[EventType "swiss"]
[EventRounds "9"]
[EventCountry "ROU"]
[SourceTitle "CBM 165 Extra"]
[Source "ChessBase"]
[SourceDate "2015.04.21"]
[SourceVersion "1"]
[SourceVersionDate "2015.04.21"]
[SourceQuality "1"]

1. d4 d5 2. c4 c6 3. Nf3 Nf6 4. Nc3 e6 5. g3 Be7 6. Bg2 Nbd7 7. 0-0 0-0 8. Qc2 Re8 9. Bf4 Nf8 10. Ne5 N8d7 11. Rfd1 Rf8 12. e4 dxe4 13. Nxe4 Nxe4 14. Bxe4 Nf6 15. Bg2 Re8 16. Rac1 Qb6 17. Be3 Qa6 18. Bf1 Qa5 19. a3 Qd8 20. Bg2 Qc7 21. b4 a5 22. Bf4 Qb6 23. c5 Qb5 24. Bf1 Qxf1+ 25. Kxf1 Nd5 26. Qd2 Rd8 27. b5 cxb5 28. c6 Bxa3 29. c7 Rf8 30. Ra1 Bb4 31. Qd3 Nc3 32. Rdc1 f6 33. Nf3 Nd5 34. Qxb5 Bc3 35. Bd6 Bxa1 36. Bxf8 Kxf8 37. Rxa1 Nxc7 38. Qc5+ Kf7 39. Qxc7+ Kg6 40. Rxa5 Rxa5 41. Qxa5 Bd7 42. Nh4+ Kh6 43. g4 g6 44. Qd8 Kg5 45. Qxd7 Kxh4 46. Qxh7+ Kxg4 47. Qxg6+ Kh3 48. Qg3# 1-0

[Event "ROM-ch U10"]
[Site "Calimanesti"]
[Date "2015.04.02"]
[Round "5"]
[White "Predescu, Sebastian Ion"]
[Black "Pirvu, Christian"]
[Result "0-1"]
[WhiteElo "1394"]
[BlackElo "1252"]
[PlyCount "94"]
[EventDate "2015.03.30"]
[EventType "swiss"]
[EventRounds "9"]
[EventCountry "ROU"]
[SourceTitle "CBM 165 Extra"]
[Source "ChessBase"]
[SourceDate "2015.04.21"]
[SourceVersion "1"]
[SourceVersionDate "2015.04.21"]
[SourceQuality "1"]

1. c4 e5 2. Nc3 Nf6 3. d3 Nc6 4. Nf3 d6 5. g3 Be7 6. Bg2 Be6 7. 0-0 0-0 8. b3 Qd7 9. Bb2 Bh3 10. Re1 Bxg2 11. Kxg2 h6 12. Qd2 Nh7 13. Rf1 f5 14. a3 Na5 15. Qc2 b6 16. b4 Nb7 17. Rab1 a5 18. b5 f4 19. Ba1 Ng5 20. Nxg5 Bxg5 21. Ne4 Qf5 22. Qa2 Kh8 23. Qc2 f3+ 24. exf3 Qxf3+ 25. Kg1 Rf7 26. Qd1 Raf8 27. Qxf3 Rxf3 28. Rbd1 a4 29. d4 exd4 30. Bxd4 Na5 31. h4 Bf6 32. Bxf6 gxf6 33. Kg2 Rxa3 34. Ra1 Nxc4 35. Rxa3 Nxa3 36. Ra1 Nxb5 37. Rxa4 d5 38. Nd2 c5 39. Ra1 Rb8 40. Rc1 Nd6 41. Kf3 Rc8 42. Ke3 b5 43. Nb3 d4+ 44. Ke2 d3+ 45. Kxd3 c4+ 46. Kd2 cxb3 47. Rxc8+ Nxc8 0-1

[Event "ROM-ch U08"]
[Site "Calimanesti"]
[Date "2014.04.11"]
[Round "7"]
[White "Pirvu, Christian"]
[Black "Chiculita, Cristian"]
[Result "1-0"]
[WhiteElo "1151"]
[BlackElo "1010"]
[PlyCount "47"]
[EventDate "2014.04.06"]
[EventType "swiss"]
[EventRounds "9"]
[EventCountry "ROU"]
[SourceTitle "CBM 160 Extra"]
[Source "ChessBase"]
[SourceDate "2014.07.01"]
[SourceVersion "1"]
[SourceVersionDate "2014.07.01"]
[SourceQuality "1"]

1. e4 e5 2. Nf3 Nc6 3. Bb5 d6 4. d3 Nf6 5. Bg5 Be7 6. Nbd2 Bg4 7. Bxc6+ bxc6 8. Nc4 0-0 9. Na5 Qd7 10. 0-0 Rab8 11. Nb3 h6 12. Rb1 hxg5 13. Nbd2 d5 14. Qe2 dxe4 15. dxe4 Qe6 16. b3 Bb4 17. Nc4 Rbd8 18. Rfd1 Bd6 19. h3 Bh5 20. Na5 Be7 21. Nc4 Rxd1+ 22. Rxd1 Bg6 23. Nxg5 Qc8 24. Nxe5 1-0

[Event "ROM-ch U08"]
[Site "Calimanesti"]
[Date "2014.04.07"]
[Round "2"]
[White "Pirvu, Christian"]
[Black "Anghel, Iulian Mihai"]
[Result "0-1"]
[WhiteElo "1151"]
[BlackElo "1481"]
[PlyCount "146"]
[EventDate "2014.04.06"]
[EventType "swiss"]
[EventRounds "9"]
[EventCountry "ROU"]
[SourceTitle "CBM 160 Extra"]
[Source "ChessBase"]
[SourceDate "2014.07.01"]
[SourceVersion "1"]
[SourceVersionDate "2014.07.01"]
[SourceQuality "1"]

1. e4 e5 2. Nf3 Nc6 3. Nc3 Nf6 4. Bb5 Bb4 5. a3 Bxc3 6. bxc3 Nxe4 7. Bxc6 dxc6 8. Qe2 Nf6 9. Qxe5+ Qe7 10. Qxe7+ Kxe7 11. a4 Re8 12. Ba3+ Kd8+ 13. Kf1 Bg4 14. Re1 Bxf3 15. Rxe8+ Kxe8 16. gxf3 Rd8 17. d3 Nd5 18. c4 Nb6 19. Kg2 Nxa4 20. Re1+ Kd7 21. Re7+ Kc8 22. Rxf7 Rg8 23. Rf8+ Rxf8 24. Bxf8 g6 25. Kg3 Kd7 26. Kg4 Ke6 27. Kg5 a5 28. Kh6 Kf7 29. Kxh7 Kxf8 30. Kxg6 Nc3 31. h4 Kg8 32. f4 Ne2 33. f5 a4 34. f6 Nf4+ 35. Kg5 Ne6+ 36. Kg6 a3 37. f7+ Kf8 38. h5 Nf4+ 39. Kg5 Nxh5 40. Kxh5 a2 41. Kg6 a1Q 42. Kf5 Kxf7 43. f4 b5 44. cxb5 cxb5 45. Ke4 c5 46. f5 c4 47. dxc4 bxc4 48. Ke3 c3 49. Kd3 Kf6 50. Kc4 Kxf5 51. Kb3 Kg4 52. Kc4 Kf3 53. Kd3 Kf2 54. Kc4 Ke2 55. Kb4 Kd2 56. Kb3 Kc1 57. Kc4 Kxc2 58. Kd4 Kd2 59. Kc4 Qa4+ 60. Kd5 Kd3 61. Kd6 Qb5 62. Ke6 Kd4 63. Kd6 Qa6+ 64. Kd7 Ke5 65. Kc7 Kd5 66. Kb8 c2 67. Kc7 Qa7+ 68. Kd8 Qb7 69. Ke8 Kd6 70. Kf8 Ke6 71. Kg8 Kf6 72. Kh8 Kg6 73. Kg8 Qb8# 0-1

[Event "ROM-ch U08"]
[Site "Calimanesti"]
[Date "2014.04.06"]
[Round "1"]
[White "Ionescu, Mihail"]
[Black "Pirvu, Christian"]
[Result "0-1"]
[WhiteElo "1001"]
[BlackElo "1151"]
[PlyCount "64"]
[EventDate "2014.04.06"]
[EventType "swiss"]
[EventRounds "9"]
[EventCountry "ROU"]
[SourceTitle "CBM 160 Extra"]
[Source "ChessBase"]
[SourceDate "2014.07.01"]
[SourceVersion "1"]
[SourceVersionDate "2014.07.01"]
[SourceQuality "1"]

1. e4 c5 2. Nc3 g6 3. Nf3 Bg7 4. Bb5 a6 5. 0-0 axb5 6. Nxb5 Nf6 7. Qe2 Nc6 8. d3 d6 9. Bg5 h6 10. Bxf6 Bxf6 11. Rab1 Rxa2 12. Ra1 Rxb2 13. Rab1 Rxb1 14. Rxb1 Qb6 15. Na3 Qd8 16. h3 0-0 17. Nc4 Nd4 18. Nxd4 Bxd4 19. Qd2 Kg7 20. Nb6 Qc7 21. Nd5 Qd8 22. g3 Bxh3 23. Kh2 Be6 24. f4 Bxd5 25. c4 Bc6 26. f5 Qc7 27. fxg6 fxg6 28. Kg2 Rf2+ 29. Kg1 Rxd2+ 30. Kf1 d5 31. exd5 Qxg3 32. Re1 Qf2# 0-1